| 000 | 00623nam a2200193 a 4500 | ||
|---|---|---|---|
| 001 | 000036875 | ||
| 005 | 20200930080006.0 | ||
| 008 | 120203s1972 mx 000 0 spa d | ||
| 040 |
_aDO-SdBNP _bspa _cBNPHU |
||
| 082 |
_axxxx _bF911t |
||
| 100 | 1 |
_aFriedrich, Carl J. _946963 |
|
| 240 | 1 | 0 |
_aTradition and authority _lEspañol |
| 245 | 1 | 0 |
_aTraición y autoridad. / _cCarl J. Friedrich; traducción de Pilar Ángulo. |
| 260 |
_aMéxico : _bEditores Asociados, _c1972. |
||
| 300 |
_a130 p. ; _c20 cm. |
||
| 490 | 1 | _aActualidad politicosocial | |
| 500 | _aTraducido del inglés | ||
| 830 | 0 |
_aActualidad politicosocial _941982 |
|
| 999 |
_c36366 _d36366 |
||